|
|
|
|
| LEADER |
00000nam a2200000 i 4500 |
| 001 |
IT\ICCU\RAV\1901320 |
| 003 |
ItRI |
| 005 |
20260115232119.0 |
| 008 |
100507s2010 it |||||| ||||| |||||c |
| 015 |
|
|
|2 IT
|a 2010-8411
|
| 020 |
|
|
|a 9788860364579
|
| 040 |
|
|
|b ita
|c importazione bologna sebina
|
| 041 |
|
7 |
|a ita
|2 ISO-639-2
|
| 082 |
|
|
|a 339.2
|9 DISTRIBUZIONE DEL REDDITO E DELLA RICCHEZZA
|2 21
|
| 100 |
1 |
|
|a Bartolini, Stefano,
|d (1959- )
|0 IT\ICCU\CFIV\019779
|4 aut
|
| 245 |
1 |
0 |
|a Manifesto per la felicità :
|b come passare dalla società del ben-avere a quella del ben-essere /
|c Stefano Bartolini ; prefazione di Enrico Giovannini.
|
| 260 |
|
|
|a Roma :
|b Donzelli,
|c 2010
|
| 300 |
|
|
|a XIV, 305 p. ;
|c 17 cm.
|
| 650 |
|
7 |
|a Qualità della vita
|x Effetti [dello] Sviluppo economico
|2 nsbncf
|
| 700 |
1 |
|
|a Giovannini, Enrico,
|d (1957- )
|0 IT\ICCU\CFIV\089078
|
| 830 |
|
0 |
|a Saggine ;
|v 159
|0 IT\ICCU\RAV\0233095
|
| 942 |
|
|
|2 ddc
|c BK
|n 0
|
| 952 |
|
|
|0 0
|1 0
|4 0
|6 DOC_339_200000000000000_BAR
|7 0
|9 20268
|a BO
|b BO
|d 2026-01-15
|i 15729
|l 0
|o DOC 339.2 BAR
|p BO15729
|r 2026-01-15 23:21:19
|w 2026-01-15
|x [Sebina 5] [1 v.]
|y BK
|z 1 v.
|
| 999 |
|
|
|c 17291
|d 17291
|